02446nam a22001937a 45000010005000000030006000050050017000110080041000280400029000690820008000981000018001062450331001242600045004553000044005005201154005445200503016986500035022016500016022366630FISKH20250516115142.0250516b cb ||||| |||| 00| 0 eng d aFISKHbkhrcFISKHdFISKH a510 aVanneurn, Sum aលំហាត់គណិតវិទ្យាទូទៅ :bសម្រាប់សិស្សពូកែទូទៅ និងត្រៀមប្រលងអាហារូបករណ៏ /cនិពន្ធដោយលោកគ្រូ ស៊ុំ វ៉ាន់នឿន និង ទឺម វណ្ណា​ aភ្នំពេញ :c២០០៩ .  a151 pages : billustrations ;c20 cm .  a«សៀវភៅលំហាត់គណិតវិទ្យាទូទៅ សម្រាប់សិស្សពូកែទូទៅ និងត្រៀមប្រឡងអាហារូបករណ៍» សៀវភៅនេះគឺជាសៀវភៅសំណួរលំហាត់គណិតវិទ្យាដែលត្រូវបានរៀបរាប់ឡើងដោយផ្អែកលើមាតិកាគណិតវិទ្យាមធ្យមសិក្សាទុតិយភូមិ (ថ្នាក់ទី ១២) ដោយផ្ដោតលើការបង្កើនសមត្ថភាពវិភាគ និងដោះស្រាយបញ្ហា ឱ្យសិស្សមានជំនាញខ្ពស់ក្នុងការត្រៀមប្រឡងសំខាន់ៗ ដូចជា៖ ប្រឡងជាតិថ្នាក់ទី ១២ ប្រឡងជ្រើសរើសអាហារូបករណ៍ក្នុងប្រទេស និងក្រៅប្រទេស ប្រឡងសិស្សពូកែគណិតវិទ្យា a"General Mathematics Exercise Book for Outstanding Students and Scholarship Exam Preparation" This book is a mathematics exercise book based on the Grade 12 high school mathematics curriculum. It focuses on enhancing analytical skills and problem-solving abilities, aiming to equip students with advanced competencies to prepare for major exams such as: The National Grade 12 Exam Scholarship selection exams, both domestic and international Mathematics Olympiad and gifted student competitions aគណិតវិទ្យា aMathematics